000
00296nam a22001217a 4500
999
_c
9712
_d
9712
003
OSt
005
20211217170012.0
008
211217b ||||| |||| 00| 0 eng d
100
_a
Parkinson A C
245
_a
Intermediate engineering drawing
260
_a
English language book society
942
_2
ddc